Hệ thống bài tập thực hành phân tích tài chính doanh nghiệp

Giới thiệu các bài tập thực hành phân tích tài chính doanh nghiệp, diễn giải hệ thống báo cáo tài chính, phân tích chính sách tài chính doanh nghiệp, phân tích tình hình sử dụng vốn trong doanh nghiệp...

Đã lưu trong:
書目詳細資料
主要作者: Nguyễn, Trọng Cơ
格式: 圖書
語言:Undetermined
出版: Hà Nội Tài chính 2011
主題:
標簽: 添加標簽
沒有標簽, 成為第一個標記此記錄!
Thư viện lưu trữ: Trung tâm Học liệu Trường Đại học Cần Thơ
LEADER 00979nam a2200205Ia 4500
001 CTU_180420
008 210402s9999 xx 000 0 und d
020 |c 35000 
082 |a 658.1511 
082 |b C460 
100 |a Nguyễn, Trọng Cơ 
245 0 |a Hệ thống bài tập thực hành phân tích tài chính doanh nghiệp 
245 0 |c Nguyễn Trọng Cơ, Nghiêm Thị Thà 
260 |a Hà Nội 
260 |b Tài chính 
260 |c 2011 
520 |a Giới thiệu các bài tập thực hành phân tích tài chính doanh nghiệp, diễn giải hệ thống báo cáo tài chính, phân tích chính sách tài chính doanh nghiệp, phân tích tình hình sử dụng vốn trong doanh nghiệp... 
650 |a Managerial economics,Managerial accounting,Accounting,Kế toán kinh doanh 
904 |i Tuyến 
980 |a Trung tâm Học liệu Trường Đại học Cần Thơ